[Event "Vina del Mar op 11th"]
[Site "Vina del Mar"]
[Date "2019.??.??"]
[Round "3"]
[White "Gonzalez Uslar, Raul"]
[Black "Rozas Lazcano, Valeska"]
[Result "0-1"]
[WhiteElo "1747"]
[BlackElo "1345"]
[PlyCount "29"]
[EventDate "2019.05.19"]
[EventType "swiss"]
[EventRounds "6"]
[EventCountry "CHI"]
[SourceTitle "CBM 190 Extra"]
[Source "ChessBase"]
[SourceDate "2019.07.15"]
[SourceVersion "1"]
[SourceVersionDate "2019.07.15"]
[SourceQuality "1"]

1. d4 g6 2. Bf4 Bg7 3. e3 Nf6 4. Nf3 d6 5. Bd3 Nc6 6. c3 Nh5 7. Bg3 a6 8. Nbd2 Bd7 9. Qc2 b5 10. Ng5 0-0 11. a3 e5 12. Ndf3 exd4 13. cxd4 b4 14. Bh4 Qe8 15. g4 0-1

[Event "Vina del Mar op 11th"]
[Site "Vina del Mar"]
[Date "2019.??.??"]
[Round "5"]
[White "Gonzalez Uslar, Raul"]
[Black "Toledo Sandoval, Claudio"]
[Result "0-1"]
[WhiteElo "1747"]
[BlackElo "1756"]
[PlyCount "66"]
[EventDate "2019.05.19"]
[EventType "swiss"]
[EventRounds "6"]
[EventCountry "CHI"]
[SourceTitle "CBM 190 Extra"]
[Source "ChessBase"]
[SourceDate "2019.07.15"]
[SourceVersion "1"]
[SourceVersionDate "2019.07.15"]
[SourceQuality "1"]

1. d4 Nf6 2. Bf4 g6 3. e3 Bg7 4. Nf3 0-0 5. Bd3 d6 6. Nbd2 Nbd7 7. c3 c5 8. 0-0 Nh5 9. Bg5 Re8 10. g4 Nhf6 11. h3 h5 12. Bxf6 Nxf6 13. g5 Nd5 14. Kg2 cxd4 15. cxd4 e5 16. dxe5 dxe5 17. Ne4 Kh7 18. a3 Qe7 19. Nh4 Rg8 20. Nf6+ Nxf6 21. gxf6 Bxf6 22. Qxh5+ Kg7 23. Bxg6 fxg6 24. Nxg6 Kf7 25. Qh7+ Rg7 26. Qxg7+ Bxg7 27. Nxe7 Kxe7 28. e4 Bd7 29. Rac1 Rh8 30. Rc3 Bh6 31. Rc7 Ke6 32. Rxb7 Bc6 33. Rb4 Bd2 0-1